000 01479nam0a22003131 4500
001 rc\2580931
005 20250912151005.0
035 _a(NLR Aleph) 006745413
090 _a5688576
_c5688576
100 _a20110914d1928 |||y0rusy50 ca
101 1 _arus
_ceng
102 _aRU
105 _aab z |||||
200 1 _aАграрная Индия
_dRural India
_eПечатается по рукописи написанной на англ. яз., в пер. Ст. Вольского
_fАбани Мухараджи. Abani Mukherji
_gРедакция Е. Б. Пашуканиса
_gКоммун. акад.
210 _aМосква
_cИзд-во Коммун. акад.
_d1928
_gтип. "Красная Пресня" 3-я "Мосполиграф"
215 _a407 с., [1] вклад. л. карт.
_cсхем.
_d23х15 см.
300 _aВ коленкоровом переплете и бумажной обертке
320 _aБиблиография: "Библиография" (104 названия)
510 0 _aRural India
700 1 _aМухарджи
_bА. Т.
_f1891-
_gАбони Тройлакавич
702 1 _aВольский
_bС.
_cполит. деятель, публицист
_f1880-1943
_gСтанислав
_3RU\NLR\AUTH\770255034
_4730
702 1 _aПашуканис
_bЕ. Б.
_4340
801 0 _aRU
_bNLR
_gpsbo
801 1 _aRU
_bELAR
_2rusmarc
852 _aNLR
_j56/341
852 _aNLR
_j121/851
942 _cBOOK
980 _aNB